000 01022nac a22003377a 4500
001 BR0502883
003 BR-BrBNA
005 20240105123148.0
008 230509b bl.|||m| |||| 00| 0 por d
040 _aBR-BrBNA
_bpor
_cBiblioteca Nacional de Agricultura
072 _aF02
090 _aF02 BR0502883
100 1 _aJunqueira, K.P.
100 1 _aJunqueira, N.T.V.
100 1 _aRamos, J.D.
100 1 _aPereira, A.V.
110 1 _aEMBRAPA Cerrados, Planaltina, DF (Brasil)
245 1 _aInformações preliminares sobre uma espécie de pitaya do Cerrado
260 3 _aPlanaltina, DF (Brasil):
_c2002.
300 _a18 p.
490 _aDocumentos - EMBRAPA Cerrados (Brazil)
_vno. 62
_xISSN 1517-5111
500 _aSummary (En); 11 ref.
650 _aCACTACEAE
650 _aPROPAGAÇÃO VEGETATIVA
650 _aPLANTA MEDICINAL
650 _aPLANTA ORNAMENTAL
650 _aCOMERCIALIZAÇÃO
650 _aCERRADO
909 _a202312
_bLúcia Elande
_c55
_dLúcia Elande
942 _2AGRIS
_n0
_cMS
999 _c294257
_d294257